The Medical model in mental health : An Explanation and Evaluation (Record no. 172172)

MARC details
000 -LEADER
fixed length control field 00959nam a22002537a 4500
003 - CONTROL NUMBER IDENTIFIER
control field OSt
005 - DATE AND TIME OF LATEST TRANSACTION
control field 20250828105314.0
008 - FIXED-LENGTH DATA ELEMENTS--GENERAL INFORMATION
fixed length control field 250707b |||||||| |||| 00| 0 eng d
020 ## - INTERNATIONAL STANDARD BOOK NUMBER
International Standard Book Number 9780198807254 (Paperback)
040 ## - CATALOGING SOURCE
Original cataloging agency NUST
Language of cataloging eng
Transcribing agency NUST
Modifying agency NUST
Description conventions rda
050 ## - LIBRARY OF CONGRESS CALL NUMBER
Classification number RA790.5 HUD
100 ## - MAIN ENTRY--PERSONAL NAME
Personal name Huda, Ahmed Samei
Relator term Author
245 ## - TITLE STATEMENT
Title The Medical model in mental health : An Explanation and Evaluation
Remainder of title An explanation and evaluation /
Statement of responsibility, etc. Ahmed Samei Huda.
260 ## - PUBLICATION, DISTRIBUTION, ETC.
Place of publication, distribution, etc. oxford :
Name of publisher, distributor, etc. Oxford University Press,
Date of publication, distribution, etc. ©2019.
300 ## - PHYSICAL DESCRIPTION
Extent vii, 396 pages :
Other physical details Illustrations ;
Dimensions 24 cm.
336 ## - CONTENT TYPE
Source rdamedia
Content type term text
Content type code txt
337 ## - MEDIA TYPE
Source rdamedia
Media type term unmediated
Media type code n
338 ## - CARRIER TYPE
Source rdamedia
Carrier type term volume
Carrier type code nc
504 ## - BIBLIOGRAPHY, ETC. NOTE
Bibliography, etc. note Includes bibliographical references and index.
650 ## - SUBJECT ADDED ENTRY--TOPICAL TERM
Form subdivision MEDICAL Psychiatry General.
650 ## - SUBJECT ADDED ENTRY--TOPICAL TERM
Form subdivision Mental health. Mental illness prevention.
650 ## - SUBJECT ADDED ENTRY--TOPICAL TERM
Form subdivision Public aspects of medicine .
942 ## - ADDED ENTRY ELEMENTS (KOHA)
Source of classification or shelving scheme Library of Congress Classification
Koha item type Ordinary Loan Books
Classification part RA790.5 HUD
Call number prefix RA
Call number suffix HUD
Suppress in OPAC No
Holdings
Withdrawn status Lost status Source of classification or shelving scheme Damaged status Not for loan Collection Home library Current library Shelving location Date acquired Source of acquisition Cost, normal purchase price Total Checkouts Full call number Barcode Date last seen Accession number Cost, replacement price Price effective from Koha item type Public note
    LCC     NFIC MEDICAL MEDICAL GEN 07/07/2025 Book Aid International 64.00   RA790.5 HUD 92004056918 07/07/2025 62677 64.00 07/07/2025 BOOKS Donation
    LCC     NFIC MEDICAL MEDICAL GEN 07/07/2025 Book Aid International 64.00   RA790.5 HUD 92004056035 07/07/2025 62668 64.00 07/07/2025 BOOKS Donation
    LCC     NFIC MEDICAL MEDICAL GEN 07/07/2025 Book Aid International 64.00   RA790.5 HUD 92004056938 07/07/2025 62667 64.00 07/07/2025 BOOKS Donation